000 00430nam a2200193Ia 4500
008 170918s9999 xx 000 0 und d
020 _a590454048
050 _bC927 1983
100 _aCrews, Donald
245 _aParade /
245 _cDonald Crews.
260 _aNew York :
260 _bScholastic,
260 _c1983
300 _aunpaged :
300 _bcolored illustration ;
300 _c20cm.
500 _a290
999 _c341064
_d341064